000 00649nam a2200193Ia 4500
003 OSt
005 20240610145252.0
008 210719s1992 xx 000 0 und d
040 _cAL
041 _aTulu
082 _aT894.1 VASA
100 _aVASANTA KUMAR PERLA and others
_dವಸಂತ ಕುಮಾರ್ ಪೆರ್ಲ
_9169886
245 _aAtil: Tulu kabitelna gonchil
_bಅಟಿಲ್:ತುಳು ಕಬಿತೆಲೆನ ಗೊಂಚಿಲ್
260 _aMangaluru
_bAkhila Bharata Tulu Okkuta
_c1992
300 _a18
_bPB
365 _b5
_cRs
906 _aAtil ; Baduku ; baraha ; gonchil ; kabitelna ; Tulu
942 _2ddc
_cBK
999 _c214928
_d214928